Diagnostic des maladies de la moelle (Registro nro. 320413)

Detalles MARC
000 -ENCABEZADO
Número de control [NR] 00611nam a2200193 4500
005 - FECHA Y HORA DE LA ÚLTIMA TRANSACCIÓN
control field 20220127151004.0
008 - DE LONGITUD FIJA DE DATOS DE ELEMENTOS - INFORMACIÓN GENERAL
Elementos de longitud fija [NR] 220127s1918 fr |||gr|||| 00| 0 fre d
040 ## - FUENTE DE CATALOGACION [NR]
Agencia de catalogación original [NR] CO-BoUCM
Idioma de catalogación [NR] spa
Quien Cataloga Deissy Garcia
Quien Clasifica Deissy Garcia
041 0# - CODIGO DE IDIOMA [R]
Código de idioma para texto/pista de sonido o título separado [R] Francés
060 ## - SIGNATURA TOPOGRAFICA DE LA BIBLIOTECA NACIONAL DE MEDICINA (NLM) [R]
Número clasificador [R] WL
100 ## - ASIENTO PRINCIPAL--NOMBRE PERSONAL [NR]
ID Autoridad 72776
Nombre personal [NR] Grasset, J.
245 10 - MENCION DE TITULO [NR]
Título [NR] Diagnostic des maladies de la moelle
Parte restante del título [NR] bsiège des lésions
Mención de responsabilidad, etc. [NR] J. Grasset, L. Rimbaud
250 ## - MENCION DE EDICION [NR]
Mención de edición [NR] 4a.Ed.
260 ## - PUBLICACION, DISTRIBUCION, ETC. (PIE DE IMPRENTA) [R]
Lugar de publicación, distribución, etc. [R] París
Nombre del editor, distribuidor, etc. [R] Baillière
Fecha de publicación, distribución, etc. [R] 1918
300 ## - DESCRIPCION FISICA [R]
Extensión [R] 93 páginas
490 0# - MENCION DE SERIE [R]
Mención de serie [R] Les Actualités médicales
504 ## - NOTA DE BIBLIOGRAFIA, ETC. [R]
Nota de bibliografía, etc. [NR] Incluye referencias bibliográficas
942 ## - ELEMENTOS DE ENTRADA AGREGADOS (KOHA)
Sistema de clasificación NLM
Tipo de ítem principal el descrito en 300a Libro
Tema principal Medicina
Edición 4
Clasificación WL
Parte restante de la signatura top. G768d
Título oculto en OPAC No
Existencias
Fecha de último préstamo Total préstamos Total Renewals Signatura topográfica Código de barras Última vez visto Volúmen / Fascículo Ejemplar Costo de reposición Price effective from Tipo de ítem Nota pública (OPAC) Perdido Sistema de clasificación Dañado No prestable Tipo de ítem específico Suprimido Ubicación habitual Ubicación actual Localización Fecha de creación Forma de adquisición Costo
09/02/2022 1 3 WL 402 G768d 100168865 26/01/2026 4a.Ed. Ej.1 26000.00 27/01/2022 Libro Spot Historia de la Medicina   NLM     Libro   Quinta de Mutis Quinta de Mutis 3er piso 27/01/2022 Donación 0.00